[Event "Lichtenrader Herbst 2012"]
[Site "Berlin - Lichtenrade"]
[Date "2012.09.30"]
[Round "2.11"]
[White "Schulz, Wolfgang"]
[Black "Gruzmann, Boris"]
[Result "1/2-1/2"]
[WhiteElo "2048"]
[BlackElo "2303"]
[PlyCount "68"]
[EventDate "2012.??.??"]
[WhiteTeam "Hamburger SK"]
[BlackTeam "Lasker Steglitz-Wilmersd. SG"]

1. e4 c5 2. Nf3 d6 3. c3 Nf6 4. h3 Nc6 5. Bd3 b6 6. O-O e5 7. Re1 Be7 8. Bc2
Qc7 9. d4 cxd4 10. cxd4 Nxd4 11. Nxd4 exd4 12. Ba4+ Nd7 13. Qxd4 Bf6 14. Qb4
O-O 15. Nc3 Bxc3 16. Qxc3 Qxc3 17. bxc3 Ne5 18. Rd1 Bb7 19. f3 Rfd8 20. Bg5 f6
21. Bb3+ Kf8 22. Be3 Rac8 23. Rac1 Ke7 24. Rd4 Rc7 25. Ra4 Bc6 26. Rd4 Bb5 27.
Rd5 Bc4 28. Rdd1 Rdc8 29. Bd4 Ba6 30. Rc2 h5 31. Rcd2 h4 32. Kf2 Bb5 33. Bd5
Ba4 34. Bb3 Bb5 1/2-1/2

[Event "Lichtenrader Herbst 2012"]
[Site "Berlin - Lichtenrade"]
[Date "2012.09.30"]
[Round "2.12"]
[White "Maiorov, Daniel"]
[Black "Bruedigam, Martin"]
[Result "0-1"]
[WhiteElo "1979"]
[BlackElo "2291"]
[PlyCount "94"]
[EventDate "2012.??.??"]
[WhiteTeam "Oberursel SV"]
[BlackTeam "Potsdam USV"]

1. e4 e5 2. Nf3 Nc6 3. Bc4 Bc5 4. d3 Nf6 5. O-O d6 6. c3 a6 7. Bb3 h6 8. h3 O-O
9. Nbd2 Re8 10. Re1 Be6 11. Nf1 Bxb3 12. Qxb3 d5 13. Ng3 b5 14. Nf5 Qd7 15. Bd2
Bf8 16. Rad1 Qe6 17. Ng3 Rad8 18. Bc1 Na5 19. Qc2 dxe4 20. Nxe4 Nxe4 21. Rxe4
Nc6 22. b3 Qg6 23. Qe2 Bd6 24. d4 f5 25. Re3 e4 26. Nh4 Qf6 27. g3 Ne7 28. c4
c5 29. Bb2 cxd4 30. Bxd4 Be5 31. Bxe5 Qxe5 32. cxb5 Nd5 33. Qc4 axb5 34. Qe2
Nxe3 35. Rxd8 Qa1+ 36. Kh2 Nf1+ 37. Kg2 Rxd8 38. Nxf5 Nd2 39. Qxb5 Qf6 40. a4
h5 41. a5 g6 42. Ne3 Qf7 43. Qb6 Rf8 44. Nd1 e3 45. Qxe3 Qd5+ 46. Kg1 Nf3+ 47.
Kg2 Nh4+ 0-1

[Event "Lichtenrader Herbst 2012"]
[Site "Berlin - Lichtenrade"]
[Date "2012.09.30"]
[Round "2.13"]
[White "Lauridsen, Jesper Morch"]
[Black "Triebus, Bruno"]
[Result "1-0"]
[WhiteElo "2248"]
[BlackElo "1929"]
[PlyCount "71"]
[EventDate "2012.??.??"]
[BlackTeam "Lichtenrade Schwarz-Weiß SC"]

1. d4 e6 2. e4 d5 3. Bd3 dxe4 4. Bxe4 Nf6 5. Bf3 c5 6. Ne2 Qb6 7. dxc5 Bxc5 8.
O-O Nbd7 9. Nec3 Ne5 10. Na4 Nxf3+ 11. Qxf3 Qb4 12. Nxc5 Qxc5 13. b3 Qd5 14.
Qg3 O-O 15. Bb2 Nh5 16. Qh4 b5 17. Nc3 Qf5 18. Ne4 Qf4 19. Nf6+ gxf6 20. Qxh5
e5 21. Rae1 Qg4 22. Qxg4+ Bxg4 23. Re3 Bh5 24. f4 f5 25. Rg3+ Bg6 26. fxe5 Rfd8
27. Rxf5 Rd1+ 28. Rf1 Rd2 29. Bc3 Rxc2 30. h4 Rc8 31. Rff3 Kf8 32. e6 Ke8 33.
h5 Bxh5 34. Rg8+ Ke7 35. Rxc8 Bxf3 36. Bb4+ 1-0

[Event "Lichtenrader Herbst 2012"]
[Site "Berlin - Lichtenrade"]
[Date "2012.09.30"]
[Round "2.14"]
[White "Bandow, Alexander"]
[Black "Stachanczyk, Jacek"]
[Result "1-0"]
[WhiteElo "2044"]
[BlackElo "2247"]
[PlyCount "57"]
[EventDate "2012.??.??"]
[WhiteTeam "Neukölln Schwarz-Weiß"]

1. c4 e5 2. Nc3 Nf6 3. Nf3 Nc6 4. d3 Bc5 5. g3 O-O 6. Bg2 Re8 7. Ng5 d6 8. O-O
h6 9. Nge4 Nxe4 10. dxe4 a6 11. a3 Be6 12. Nd5 b5 13. e3 bxc4 14. Qa4 Nb8 15.
Bd2 c6 16. Ba5 Qd7 17. Nc7 Ra7 18. Nxe8 Qxe8 19. Rfd1 Rb7 20. Rd2 Qc8 21. Bb4
Bxb4 22. axb4 Rd7 23. Rad1 Qd8 24. Qa5 Qe7 25. h3 g6 26. f4 f6 27. Kh2 Kg7 28.
fxe5 fxe5 29. Rxd6 1-0

[Event "Lichtenrader Herbst 2012"]
[Site "Berlin - Lichtenrade"]
[Date "2012.09.30"]
[Round "2.15"]
[White "Moeller, Hendrik"]
[Black "Costello, Colin"]
[Result "1/2-1/2"]
[WhiteElo "2259"]
[BlackElo "1956"]
[PlyCount "167"]
[EventDate "2012.??.??"]
[WhiteTeam "Berlin Weisse Dame SC"]
[BlackTeam "Berlin Weisse Dame SC"]

1. c4 e5 2. g3 Nf6 3. Bg2 d5 4. cxd5 Nxd5 5. Nc3 Nb6 6. Nf3 Nc6 7. O-O Be7 8.
a3 O-O 9. b4 a6 10. d3 Re8 11. Rb1 Bf5 12. Bb2 Qd7 13. Re1 Rad8 14. Nd2 Qc8 15.
Nce4 Bh3 16. Bh1 Bg4 17. Qc2 Be6 18. Nc5 Bxc5 19. bxc5 Nd5 20. Ba1 Nd4 21. Qb2
Bg4 22. f3 Be6 23. Nc4 f6 24. Kf2 Ne7 25. Rec1 Bxc4 26. Rxc4 Qh3 27. Bg2 Qh6
28. Qa2 Nd5 29. f4 c6 30. Bxd4 exd4 31. Rxd4 Kh8 32. Rh1 Qg6 33. Bxd5 cxd5 34.
Rxd5 Rc8 35. Qc4 Qg4 36. e4 Qh3 37. Qd4 b6 38. Kf3 h5 39. Qf2 bxc5 40. Rc1 c4
41. Rxc4 Rxc4 42. dxc4 Rb8 43. Ke3 Rb3+ 44. Rd3 Rb1 45. Qe2 Rh1 46. Rd2 Kg8 47.
Qg2 Re1+ 48. Kf2 Qxg2+ 49. Kxg2 Rxe4 50. Rd6 Rxc4 51. Rxa6 h4 52. Kh3 hxg3 53.
hxg3 Rc3 54. a4 Ra3 55. f5 Kh7 56. Kg4 Ra1 57. Ra7 Kh6 58. Ra8 Kh7 59. a5 Ra4+
60. Kh5 Ra3 61. Kh4 Ra4+ 62. g4 Ra1 63. a6 Ra3 64. g5 fxg5+ 65. Kxg5 Ra5 66.
Kg4 Ra4+ 67. Kf3 Kh6 68. Ke3 Kh7 69. Kd3 Ra1 70. Kd4 Ra5 71. Ke4 Kh6 72. Re8
Kh7 73. Re6 Kg8 74. f6 gxf6 75. Rxf6 Kg7 76. Rb6 Kf7 77. Kd4 Ke7 78. Kc4 Kd7
79. Kb4 Ra1 80. Rh6 Kc7 81. Kc5 Rc1+ 82. Kb4 Rb1+ 83. Kc5 Kb8 84. Kc4 1/2-1/2

[Event "Lichtenrader Herbst 2012"]
[Site "Berlin - Lichtenrade"]
[Date "2012.09.30"]
[Round "2.16"]
[White "Schmalzried, Volker"]
[Black "Rietze, Clemens"]
[Result "0-1"]
[WhiteElo "1886"]
[BlackElo "2286"]
[PlyCount "112"]
[EventDate "2012.??.??"]
[BlackTeam "Potsdam USV"]

1. c4 Nf6 2. d4 g6 3. Nc3 d5 4. cxd5 Nxd5 5. g3 Bg7 6. Bg2 Nb6 7. Nf3 Nc6 8. e3
O-O 9. O-O e5 10. d5 Na5 11. e4 c6 12. Bg5 f6 13. Be3 Nbc4 14. Bc5 Rf7 15. b3
b6 16. Bb4 c5 17. Bxc5 bxc5 18. bxc4 Nxc4 19. Rb1 Qa5 20. Qc1 Nd6 21. Rd1 Bd7
22. Qc2 Rc8 23. a4 Bf8 24. Bf1 c4 25. Rb2 Bg4 26. Be2 Rfc7 27. Rdb1 Bd7 28. Nb5
Rc5 29. Nxd6 Bxd6 30. Bd1 R5c7 31. Rb7 Kg7 32. Rxc7 Qxc7 33. Qc3 a5 34. Nd2 Bb4
35. Qc2 Qc5 36. Rc1 c3 37. Nf3 Ba3 38. Rb1 Bb2 39. Ne1 Qd4 40. Nf3 Qb4 41. Ne1
Rb8 42. f3 Qd4+ 43. Kg2 Rb4 44. Qe2 Bxa4 45. Bxa4 Rxa4 46. Qb5 f5 47. Qd7+ Kh6
48. Qe7 Qd2+ 49. Kh3 Qg5 50. Qxe5 c2 51. Qxb2 cxb1=Q 52. Qxb1 fxe4 53. fxe4
Qh5+ 54. Kg2 Qe2+ 55. Kh3 Rxe4 56. Ng2 Qg4# 0-1

[Event "Lichtenrader Herbst 2012"]
[Site "Berlin - Lichtenrade"]
[Date "2012.09.30"]
[Round "2.17"]
[White "Grosse-Honebrink, Brigitte"]
[Black "Schnabel, Ralf"]
[Result "0-1"]
[WhiteElo "1882"]
[BlackElo "2235"]
[PlyCount "82"]
[EventDate "2012.??.??"]
[WhiteTeam "Kreuzberg SC"]
[BlackTeam "Aue Nickelhütte ESV"]

1. d4 f5 2. Bg5 g6 3. Nd2 Bg7 4. e3 Nf6 5. h4 O-O 6. Nh3 d6 7. Qf3 Qe8 8. Bc4+
Kh8 9. Bxf6 Bxf6 10. Nf4 e5 11. dxe5 dxe5 12. Nd5 Bd8 13. O-O-O c6 14. Nc3 Nd7
15. Qe2 b5 16. Bb3 Nc5 17. e4 f4 18. a3 a5 19. Ba2 a4 20. Nf3 Bg4 21. Qd2 Bc7
22. Qe1 h6 23. Rd2 Rd8 24. Nh2 Bc8 25. f3 Kh7 26. Kb1 Qe7 27. Rxd8 Bxd8 28. Qf2
Ba5 29. Ne2 Bb6 30. g4 Rd8 31. h5 g5 32. Nc3 Rd4 33. Qe2 Ba6 34. Qe1 Qd7 35.
Ne2 Rd2 36. Kc1 Ba5 37. Qf2 Bb6 38. Qe1 Rd6 39. Qc3 Nxe4 40. Qxe5 Rd1+ 41. Rxd1
Be3+ 0-1

[Event "Lichtenrader Herbst 2012"]
[Site "Berlin - Lichtenrade"]
[Date "2012.09.30"]
[Round "2.18"]
[White "Lindemann, Christian"]
[Black "Muench, Tobias"]
[Result "1-0"]
[WhiteElo "2231"]
[BlackElo "1875"]
[PlyCount "87"]
[EventDate "2012.??.??"]
[WhiteTeam "Neukölln Schwarz-Weiß"]
[BlackTeam "Treptower SV"]

1. d4 Nf6 2. c4 e5 3. dxe5 Ng4 4. Nf3 Bc5 5. e3 Nc6 6. a3 a5 7. Bd2 O-O 8. Bc3
Qe7 9. Nbd2 Ngxe5 10. Nxe5 Nxe5 11. Ne4 Ba7 12. Qd5 Nc6 13. Bd3 d6 14. Qh5 f5
15. Ng5 h6 16. h4 Ne5 17. O-O-O Qe8 18. Qe2 hxg5 19. hxg5 Qg6 20. Bc2 Be6 21.
Rh4 Kf7 22. Rdh1 Ke7 23. b3 Bc5 24. Kb2 Bb6 25. f4 Nf7 26. g4 Rae8 27. Rh7 Rg8
28. e4 Nxg5 29. exf5 Qxh7 30. Rxh7 Nxh7 31. Qxe6+ Kd8 32. Qd5 Kc8 33. g5 Be3
34. f6 Nxf6 35. gxf6 gxf6 36. Bxa5 Rgf8 37. Bf5+ Kb8 38. Be4 c6 39. Qxd6+ Ka8
40. Bxc6 bxc6 41. Qxc6+ Kb8 42. Bc7+ Ka7 43. c5 Bd4+ 44. Kc2 1-0

[Event "Lichtenrader Herbst 2012"]
[Site "Berlin - Lichtenrade"]
[Date "2012.09.30"]
[Round "2.19"]
[White "Pixa, Richard"]
[Black "Reichenbach, Werner"]
[Result "1-0"]
[WhiteElo "1870"]
[BlackElo "2280"]
[PlyCount "57"]
[EventDate "2012.??.??"]
[WhiteTeam "Treptower SV"]
[BlackTeam "Oberkrämer SC"]

1. d4 Nf6 2. c4 e6 3. Nc3 Bb4 4. Qc2 O-O 5. e4 d5 6. e5 Ne4 7. Bd3 c5 8. Nge2
cxd4 9. Nxd4 f6 10. Bxe4 dxe4 11. Qxe4 Bxc3+ 12. bxc3 Qa5 13. O-O fxe5 14. Nf3
Nd7 15. Bg5 Qc7 16. Rad1 Re8 17. Rfe1 Nc5 18. Qxe5 Qxe5 19. Nxe5 b6 20. Be7 Na4
21. Re3 Ba6 22. Rd7 Nc5 23. Bxc5 bxc5 24. Rg3 g6 25. Rh3 Rad8 26. Rhxh7 Rxd7
27. Rxd7 Rb8 28. h4 Rb1+ 29. Kh2 1-0

[Event "Lichtenrader Herbst 2012"]
[Site "Berlin - Lichtenrade"]
[Date "2012.09.30"]
[Round "2.20"]
[White "Sicora, Carsten"]
[Black "Vandre, Wolfgang"]
[Result "1/2-1/2"]
[WhiteElo "1876"]
[BlackElo "2163"]
[PlyCount "57"]
[EventDate "2012.??.??"]
[BlackTeam "Berlin Berolina Mitte SV"]

1. e4 c5 2. Nf3 d6 3. c3 Nf6 4. Be2 g6 5. O-O Bg7 6. Re1 O-O 7. Bf1 Nc6 8. d4
cxd4 9. cxd4 Bg4 10. h3 Bxf3 11. gxf3 Nh5 12. d5 Nd4 13. Be3 e5 14. dxe6 Nxe6
15. Qd2 Be5 16. Nc3 Qh4 17. Nd5 f5 18. Bh6 Rf7 19. exf5 gxf5 20. Bg2 Kh8 21.
Rac1 Rg8 22. Kf1 Nef4 23. Bxf4 Nxf4 24. Nxf4 Bxf4 25. Qd4+ Rfg7 26. Rc7 Qg5 27.
Rxg7 Qxg7 28. Qxg7+ Kxg7 29. Re7+ 1/2-1/2

[Event "Lichtenrader Herbst 2012"]
[Site "Berlin - Lichtenrade"]
[Date "2012.10.01"]
[Round "3.1"]
[White "Danin, Alexandre"]
[Black "Cremer, Jan Paul"]
[Result "1-0"]
[WhiteElo "2568"]
[BlackElo "2099"]
[PlyCount "65"]
[EventDate "2012.??.??"]
[WhiteTeam "Wuppertal Tornado SC"]
[BlackTeam "Berlin 1903 Sfrd."]

1. e4 c5 2. Nf3 d6 3. d4 cxd4 4. Nxd4 Nf6 5. Nc3 a6 6. Bc4 e6 7. Bb3 b5 8. O-O
Be7 9. Qf3 Qc7 10. Qg3 Nc6 11. Nxc6 Qxc6 12. Re1 Bb7 13. a3 O-O 14. Bh6 Ne8 15.
Rad1 Kh8 16. Bg5 Bxg5 17. Qxg5 Nf6 18. Rd3 Qc5 19. Qf4 Qe5 20. Qxe5 dxe5 21. f3
Rfd8 22. Red1 Rxd3 23. Rxd3 Kg8 24. a4 b4 25. Nd1 a5 26. Ne3 Kf8 27. Rd6 Ba6
28. Bc4 Bc8 29. Bb5 Ke7 30. Nc4 Ra7 31. Rb6 Nd7 32. Rc6 Ra8 33. Nd6 1-0

[Event "Lichtenrader Herbst 2012"]
[Site "Berlin - Lichtenrade"]
[Date "2012.10.01"]
[Round "3.2"]
[White "Lerch, Philipp"]
[Black "Romanishin, Oleg M"]
[Result "0-1"]
[WhiteElo "2110"]
[BlackElo "2526"]
[PlyCount "52"]
[EventDate "2012.??.??"]
[WhiteTeam "Tegel 1949 König SK"]

1. e4 e5 2. Nf3 Nc6 3. d4 exd4 4. Nxd4 Bc5 5. Nxc6 Qf6 6. Qf3 dxc6 7. Bc4 Qg6
8. h3 Nf6 9. Nd2 O-O 10. O-O Re8 11. Bd3 Nd7 12. Kh1 Ne5 13. Qe2 Nxd3 14. cxd3
b6 15. Nf3 Bd6 16. Be3 c5 17. Nd2 Ba6 18. f4 Rad8 19. Rfc1 Qg3 20. e5 Bf8 21.
Nc4 Bb7 22. Kg1 Rxd3 23. Qf2 Qxf2+ 24. Kxf2 f6 25. Rd1 Rxd1 26. Rxd1 Ba6 0-1

[Event "Lichtenrader Herbst 2012"]
[Site "Berlin - Lichtenrade"]
[Date "2012.10.01"]
[Round "3.3"]
[White "Rabiega, Robert"]
[Black "Burger, Heinrich"]
[Result "1-0"]
[WhiteElo "2515"]
[BlackElo "2152"]
[PlyCount "73"]
[EventDate "2012.??.??"]
[WhiteTeam "Tegel 1949 König SK"]
[BlackTeam "Hermsdorf VfB"]

1. e4 g6 2. d4 Bg7 3. c3 d6 4. Nf3 Nf6 5. Bd3 Nc6 6. d5 Nb8 7. O-O e5 8. c4
Nbd7 9. Nc3 O-O 10. Re1 Nc5 11. Bc2 a5 12. a3 Nh5 13. Rb1 Bg4 14. h3 Bxf3 15.
Qxf3 Qh4 16. b4 axb4 17. axb4 Nd7 18. Nb5 Qd8 19. Be3 Nb6 20. Bd3 Nf4 21. Bf1
f5 22. g3 fxe4 23. Qxe4 Nh5 24. Qc2 Kh8 25. Red1 Qd7 26. Nxd6 Qxd6 27. c5 Qd7
28. cxb6 cxb6 29. Bxb6 Rac8 30. Qd2 Rf6 31. d6 Bf8 32. Bc7 Rf3 33. Qe2 Rf7 34.
Qxe5+ Bg7 35. Qb5 Rxc7 36. dxc7 Qxc7 37. Rbc1 1-0

[Event "Lichtenrader Herbst 2012"]
[Site "Berlin - Lichtenrade"]
[Date "2012.10.01"]
[Round "3.4"]
[White "Noetzel, Felix"]
[Black "Stern, Rene"]
[Result "0-1"]
[WhiteElo "2108"]
[BlackElo "2517"]
[PlyCount "120"]
[EventDate "2012.??.??"]
[WhiteTeam "Berlin 1903 Sfrd."]
[BlackTeam "Tegel 1949 König SK"]

1. e4 e5 2. Nf3 Nc6 3. d4 exd4 4. c3 dxc3 5. Bc4 cxb2 6. Bxb2 Bb4+ 7. Nc3 Nf6
8. O-O O-O 9. Nd5 Be7 10. Qc2 d6 11. Rfd1 Bg4 12. Qc3 Bxf3 13. Qxf3 Nxd5 14.
Bxd5 Qc8 15. Qg3 Ne5 16. f4 Ng6 17. Rac1 c6 18. Bb3 Kh8 19. f5 Ne5 20. Bxe5
dxe5 21. Qxe5 Bf6 22. Qf4 Qe8 23. Rd3 Qe7 24. Rcd1 Be5 25. Qd2 Bc7 26. Rd7 Qe5
27. h3 Bb6+ 28. Kh1 Qxe4 29. f6 gxf6 30. Bxf7 Qh4 31. Qd6 Rfd8 32. Qe7 Rxd7 33.
Rxd7 Qf2 34. Kh2 Qf4+ 35. Kh1 Qf1+ 36. Kh2 Bg1+ 37. Kg3 Qf2+ 38. Kg4 Qxg2+ 39.
Kf4 Qf2+ 40. Kg4 Qg2+ 41. Kf4 Bh2+ 42. Ke3 Qxh3+ 43. Ke2 Qg2+ 44. Kd3 Qf3+ 45.
Kc2 Qf5+ 46. Kd1 Qf3+ 47. Kc2 Be5 48. Bc4 Qg2+ 49. Kd1 Qg6 50. Bd3 Qg1+ 51. Kc2
Qg8 52. Qa3 f5 53. Qe7 Bg7 54. Rxb7 Qxa2+ 55. Kd1 Qa1+ 56. Rb1 Qd4 57. Ke2 Rd8
58. Rd1 Qg4+ 59. Ke3 f4+ 60. Ke4 Rd4# 0-1

[Event "Lichtenrader Herbst 2012"]
[Site "Berlin - Lichtenrade"]
[Date "2012.10.01"]
[Round "3.5"]
[White "Hansen, Torbjorn Ringdal"]
[Black "Welz, Peter"]
[Result "1-0"]
[WhiteElo "2458"]
[BlackElo "2127"]
[PlyCount "143"]
[EventDate "2012.??.??"]
[BlackTeam "Berlin Empor SV"]

1. e4 e6 2. d4 d5 3. Nd2 Nf6 4. e5 Nfd7 5. Bd3 c5 6. c3 Nc6 7. Ne2 cxd4 8. cxd4
Qb6 9. Nf3 Bb4+ 10. Bd2 Bxd2+ 11. Qxd2 Qb4 12. Rc1 Qxd2+ 13. Kxd2 a6 14. Ne1
O-O 15. f4 f6 16. Nf3 fxe5 17. fxe5 Nb6 18. b3 Bd7 19. h4 Rac8 20. Ke3 Nb4 21.
Bb1 Rxc1 22. Rxc1 Rc8 23. Rxc8+ Nxc8 24. Nf4 h6 25. g4 Na7 26. g5 Nb5 27. gxh6
gxh6 28. a4 Na3 29. Bg6 b5 30. axb5 Nxb5 31. Nh5 Bc6 32. Nh2 Ba8 33. Nf4 Kg7
34. Bb1 Kf7 35. Ng4 Nc6 36. Ne2 Kg7 37. Nf6 Bb7 38. Nd7 a5 39. Bd3 Nc7 40. Nf4
Bc8 41. Nf6 Nd8 42. Ng4 Nf7 43. Bg6 Nd8 44. Bb1 Nf7 45. Bd3 Bd7 46. Nh5+ Kf8
47. Bg6 Nh8 48. Bh7 Nf7 49. Nhf6 Be8 50. Bg8 Kg7 51. Nxe8+ Nxe8 52. Bxf7 Kxf7
53. Nxh6+ Kg6 54. Ng8 Ng7 55. Ne7+ Kf7 56. Nc6 Nf5+ 57. Kd3 Nxh4 58. Nxa5 Ke7
59. Nb7 Ng6 60. Kc3 Nf4 61. Nc5 Ne2+ 62. Kd3 Nf4+ 63. Kd2 Ng6 64. b4 Nf8 65. b5
Kd8 66. b6 Kc8 67. Kc3 Ng6 68. Kb4 Nf4 69. Kb5 Ne2 70. Nxe6 Kb8 71. Kc5 Nc3 72.
Nc7 1-0

[Event "Lichtenrader Herbst 2012"]
[Site "Berlin - Lichtenrade"]
[Date "2012.10.01"]
[Round "3.6"]
[White "Dimitrijeski, Kristian"]
[Black "Kalinitschew, Sergey"]
[Result "0-1"]
[WhiteElo "2150"]
[BlackElo "2469"]
[PlyCount "122"]
[EventDate "2012.??.??"]
[WhiteTeam "Tegel 1949 König SK"]
[BlackTeam "Kreuzberg SC"]

1. d4 f5 2. g3 g6 3. Bg2 Bg7 4. Nh3 Nc6 5. d5 Ne5 6. Nf4 Nf6 7. Nd3 Nf7 8. c4
O-O 9. Nc3 c6 10. O-O e5 11. dxe6 dxe6 12. Qc2 e5 13. e4 Qc7 14. Be3 Re8 15.
Rae1 Nd6 16. exf5 Bxf5 17. b3 Rad8 18. Ne2 Rd7 19. Nec1 Ng4 20. Qe2 Nxe3 21.
Qxe3 e4 22. Nf4 Nf7 23. Rd1 Red8 24. Rxd7 Rxd7 25. Bxe4 Bd4 26. Qd3 Bxf2+ 27.
Rxf2 Rxd3 28. Bxd3 Bxd3 29. Ncxd3 Qd6 30. Re2 Nd8 31. Nf2 g5 32. N4d3 Ne6 33.
Re5 h6 34. Kf1 Kg7 35. Ke2 Nd4+ 36. Ke3 Nc2+ 37. Kd2 Nb4 38. a4 Nxd3 39. Nxd3
Qa3 40. Kc2 Kf6 41. Re2 Kf5 42. Nb2 Kg4 43. Rd2 Qe7 44. Nd1 a5 45. Nf2+ Kf3 46.
Nd1 Qc5 47. Nc3 Qf5+ 48. Kc1 Qh7 49. Nd1 Qe7 50. Rf2+ Kg4 51. Rd2 Qc5 52. Kb2
b5 53. cxb5 cxb5 54. axb5 Qxb5 55. Kc2 Qc5+ 56. Kb2 h5 57. Kb1 Qa3 58. Kc2 Qa2+
59. Nb2 Kh3 60. Rd5 a4 61. Rb5 a3 0-1

[Event "Lichtenrader Herbst 2012"]
[Site "Berlin - Lichtenrade"]
[Date "2012.10.01"]
[Round "3.7"]
[White "Gebigke, Martin"]
[Black "Von Herman, Ulf"]
[Result "0-1"]
[WhiteElo "2137"]
[BlackElo "2416"]
[PlyCount "126"]
[EventDate "2012.??.??"]
[WhiteTeam "Berlin Berolina Mitte SV"]
[BlackTeam "Tegel 1949 König SK"]

1. e4 c5 2. Nf3 Nc6 3. d4 cxd4 4. Nxd4 Nf6 5. Nc3 e5 6. Ndb5 d6 7. Nd5 Nxd5 8.
exd5 Nb8 9. c4 Be7 10. c5 Na6 11. cxd6 Bxd6 12. Nxd6+ Qxd6 13. Bb5+ Bd7 14.
Bxd7+ Qxd7 15. O-O O-O 16. Qf3 Rfd8 17. Rd1 Qd6 18. Be3 Rd7 19. Rac1 Rad8 20.
Rd2 b6 21. a3 Qe7 22. b4 h6 23. h3 Rd6 24. Qe4 Nc7 25. f4 Nxd5 26. fxe5 R6d7
27. Rcd1 Qe6 28. Bd4 a6 29. Qf3 Ne7 30. Qf2 Ng6 31. Bc3 Rxd2 32. Rxd2 Rxd2 33.
Qxd2 b5 34. Qd8+ Kh7 35. Qd4 Ne7 36. Kh1 Qd5 37. Qf2 Ng6 38. Qe3 Qb3 39. Qd4
Nf8 40. Bb2 Ne6 41. Qc3 Qd1+ 42. Kh2 Qe2 43. Bc1 Qe4 44. Qe3 Qd5 45. Bb2 Qc4
46. Bc1 h5 47. Bd2 Qc2 48. h4 Qc4 49. g3 Qd4 50. Qe2 Kg6 51. Bc1 Qg4 52. Qc2+
Qf5 53. Qc3 Qe4 54. Bb2 Kf5 55. Qd2 Kg4 56. Qd1+ Qf3 57. Qe1 g5 58. hxg5 Nxg5
59. e6 fxe6 60. Be5 h4 61. Bf4 Ne4 62. Bc7 hxg3+ 63. Kg1 Ng5 0-1

[Event "Lichtenrader Herbst 2012"]
[Site "Berlin - Lichtenrade"]
[Date "2012.10.01"]
[Round "3.8"]
[White "Colpe, Malte"]
[Black "Bandow, Alexander"]
[Result "1-0"]
[WhiteElo "2349"]
[BlackElo "2044"]
[PlyCount "75"]
[EventDate "2012.??.??"]
[WhiteTeam "Hamburger SK"]
[BlackTeam "Neukölln Schwarz-Weiß"]

1. d4 g6 2. c4 Bg7 3. e4 c5 4. d5 d6 5. Nc3 Nf6 6. f4 O-O 7. Nf3 e6 8. Be2 exd5
9. cxd5 Re8 10. e5 dxe5 11. fxe5 Ng4 12. e6 fxe6 13. d6 Bd7 14. O-O c4 15. Kh1
b5 16. Ng5 Nf6 17. Bf3 Nc6 18. Nxb5 h6 19. Ne4 Rf8 20. Nc5 Qb6 21. Nxd7 Nxd7
22. Nc7 Rac8 23. Nxe6 Rf6 24. Nxg7 Kxg7 25. Bd2 Nd4 26. Bc3 Rxd6 27. Qe2 Rf8
28. Rad1 Nf6 29. Qxc4 Nxf3 30. Rxd6 Qxd6 31. Rxf3 Kh7 32. Qf1 Ng4 33. Rf7+ Kg8
34. Rg7+ Kh8 35. Rxg6+ Kh7 36. Rg7+ Kh8 37. Rf7+ Kg8 38. Rxf8+ 1-0

[Event "Lichtenrader Herbst 2012"]
[Site "Berlin - Lichtenrade"]
[Date "2012.10.01"]
[Round "3.9"]
[White "Brunner, Karl"]
[Black "Wendt, Jan-Dietrich"]
[Result "0-1"]
[WhiteElo "2029"]
[BlackElo "2362"]
[PlyCount "112"]
[EventDate "2012.??.??"]
[BlackTeam "Berlin 1903 Sfrd."]

1. d4 Nf6 2. Nf3 g6 3. b3 c5 4. e3 Bg7 5. Be2 O-O 6. O-O d5 7. Bb2 cxd4 8. exd4
Nc6 9. Nbd2 Bf5 10. a3 Qc7 11. Rc1 Rad8 12. Ne5 Nxe5 13. dxe5 Ne4 14. Nf3 Nc3
15. Bxc3 Qxc3 16. Bd3 Bg4 17. Qe1 Qc7 18. Qe3 Bxf3 19. gxf3 Bxe5 20. Rce1 Bxh2+
21. Kg2 e6 22. Qh6 Bf4 23. Qh3 e5 24. Rh1 f5 25. Reg1 Rd7 26. Kf1 Rg7 27. Rg2
Qc3 28. Rgg1 Qd2 29. Kg2 Be3 30. Rf1 e4 31. fxe4 fxe4 32. Qxe3 Qxe3 33. fxe3
exd3 34. cxd3 Rxf1 35. Kxf1 Rc7 36. Ke2 Rc2+ 37. Kf3 Rc3 38. d4 Rxb3 39. Rc1
Kg7 40. a4 Kf6 41. Rc8 Rb1 42. Rf8+ Ke7 43. Rg8 Rf1+ 44. Ke2 Rf7 45. Kd3 Ke6
46. a5 Rd7 47. Ra8 h5 48. Rxa7 h4 49. a6 bxa6 50. Rxa6+ Kf5 51. Ra8 Kg4 52. e4
h3 53. e5 h2 54. Ra1 Rh7 55. Rh1 Kg3 56. Ke3 g5 0-1

[Event "Lichtenrader Herbst 2012"]
[Site "Berlin - Lichtenrade"]
[Date "2012.10.01"]
[Round "3.10"]
[White "Bruedigam, Martin"]
[Black "Pixa, Richard"]
[Result "1-0"]
[WhiteElo "2291"]
[BlackElo "1870"]
[PlyCount "33"]
[EventDate "2012.??.??"]
[WhiteTeam "Potsdam USV"]
[BlackTeam "Treptower SV"]

1. c4 e6 2. Nf3 d5 3. e3 Nf6 4. Nc3 c6 5. b3 Nbd7 6. Bb2 Bd6 7. d4 O-O 8. Bd3
e5 9. cxd5 cxd5 10. dxe5 Nxe5 11. Be2 Bg4 12. Nxe5 Bxe2 13. Nxe2 Qa5+ 14. Bc3
Qc7 15. Nf3 Ne4 16. Qd4 Nxc3 17. Qxc3 1-0

[Event "Lichtenrader Herbst 2012"]
[Site "Berlin - Lichtenrade"]
[Date "2012.10.01"]
[Round "3.11"]
[White "Hahlbohm, Matthias"]
[Black "Lauridsen, Jesper Morch"]
[Result "1-0"]
[WhiteElo "2073"]
[BlackElo "2248"]
[PlyCount "61"]
[EventDate "2012.??.??"]
[WhiteTeam "Oberschöneweide TSG"]

1. e4 e5 2. Nf3 Nc6 3. Bb5 Nf6 4. d3 Bc5 5. Bg5 h6 6. Bh4 Qe7 7. Nc3 Bb4 8. O-O
Bxc3 9. bxc3 d6 10. h3 g5 11. Bg3 g4 12. hxg4 Bxg4 13. Bh4 Kf8 14. d4 Rg8 15.
d5 Na5 16. Be2 Rg6 17. Kh1 Qd7 18. Bxf6 Bh3 19. Rg1 Rxf6 20. Nh2 Rxf2 21. Qe1
Rf4 22. gxh3 Rxe4 23. Qf1 Ke7 24. Rg4 Qa4 25. c4 Re3 26. Qf2 Rxh3 27. Rf1 Rf8
28. Rg7 Kd8 29. Rxf7 Rxf7 30. Qxf7 Qe8 31. Qg7 1-0

[Event "Lichtenrader Herbst 2012"]
[Site "Berlin - Lichtenrade"]
[Date "2012.10.01"]
[Round "3.12"]
[White "Rietze, Clemens"]
[Black "Schmidek, Emil"]
[Result "0-1"]
[WhiteElo "2286"]
[BlackElo "1854"]
[PlyCount "92"]
[EventDate "2012.??.??"]
[WhiteTeam "Potsdam USV"]
[BlackTeam "Berlin Makkabi TuS"]

1. Nf3 Nf6 2. g3 g6 3. Bg2 Bg7 4. c4 d6 5. d4 O-O 6. O-O Nbd7 7. Nc3 e5 8. e4
exd4 9. Nxd4 Re8 10. h3 Nc5 11. Re1 a5 12. b3 c6 13. Bb2 Qb6 14. Qc2 a4 15.
Rad1 axb3 16. Nxb3 Na4 17. Nxa4 Rxa4 18. Nc1 Qa6 19. Bf1 c5 20. Qd3 Be6 21.
Qxd6 Qxd6 22. Rxd6 Nxe4 23. Rb6 Nd2 24. Bxg7 Nf3+ 25. Kh1 Nxe1 26. Bb2 Bxc4 27.
Bxc4 Rxc4 28. Rxb7 Rc2 29. Kg1 c4 30. a4 c3 31. Ba3 Rd2 32. Rc7 c2 33. Rc3 Ra8
34. Kf1 Rd1 35. Ke2 Re8+ 36. Re3 Red8 37. Rc3 Rb8 38. a5 Ra8 39. Nb3 Re8+ 40.
Re3 Rxe3+ 41. fxe3 Rd3 42. Bc1 Rxb3 43. Kxe1 Rd3 44. Bd2 Ra3 45. Bc1 Rxa5 46.
Kd2 Rc5 0-1

[Event "Lichtenrader Herbst 2012"]
[Site "Berlin - Lichtenrade"]
[Date "2012.10.01"]
[Round "3.13"]
[White "Schnabel, Ralf"]
[Black "Naujoks, Max"]
[Result "1-0"]
[WhiteElo "2235"]
[BlackElo "1526"]
[PlyCount "83"]
[EventDate "2012.??.??"]
[WhiteTeam "Aue Nickelhütte ESV"]
[BlackTeam "Hermsdorf VfB"]

1. e4 d6 2. f4 c6 3. Nf3 g6 4. Nc3 Bg7 5. d4 d5 6. e5 Bg4 7. Be3 e6 8. h3 Bxf3
9. Qxf3 h5 10. g4 h4 11. Bd3 f5 12. exf6 Qxf6 13. O-O-O Nd7 14. Rhf1 O-O-O 15.
Ne2 Ne7 16. c3 Rhf8 17. Qg2 Qf7 18. Kb1 Bf6 19. Ng1 b6 20. Nf3 Rh8 21. Rde1 Kb7
22. Qe2 b5 23. Bc1 Nf8 24. b3 a6 25. Ba3 Re8 26. Rf2 Kc7 27. Qc2 Kd7 28. Qe2
Nc8 29. Ref1 Ne7 30. Ne5+ Bxe5 31. Qxe5 Rg8 32. Qd6+ Kc8 33. f5 exf5 34. gxf5
gxf5 35. Bxf5+ Nxf5 36. Qxc6+ Kb8 37. Bd6+ Ka7 38. Bc5+ Kb8 39. Rxf5 Re1+ 40.
Kb2 Rxf1 41. Rxf7 Rxf7 42. Qe8+ 1-0